| 000 | 00363nam a2200145Ia 4500 | ||
|---|---|---|---|
| 008 | 230724s2017 xx 000 0 und d | ||
| 041 | _aeng | ||
| 082 | _a343.07/MAL | ||
| 100 | _aMallick M R | ||
| 245 | _aLABOUR & INDUSTRIAL LAW MANNUAL | ||
| 250 | _a2017 Ed | ||
| 260 |
_aNew Delhi _bProfessional Book Pub. _c2017 |
||
| 300 | _a1229p. | ||
| 650 | _aLABOUR LAW | ||
| 999 |
_c749984 _d749984 |
||